[Event "SV Eichlinghofen 1 - SV Horst-Emscher 1"]
[Site "Regionalliga 2018/2019"]
[Date "2018.12.16"]
[Round "5.8"]
[White "Gitschel, Ralf"]
[Black "Rebentisch, Sebastian"]
[Result "1-0"]
[WhiteElo "1870"]
[BlackElo "1720"]
[PlyCount "121"]
[EventDate "2018.??.??"]

1. e4 e5 2. Nf3 Nc6 3. Bb5 a6 4. Ba4 Nf6 5. O-O Be7 6. Re1 b5 7. Bb3 d6 8. c3
O-O 9. d4 exd4 10. cxd4 Bg4 11. Be3 Na5 12. Bc2 c5 13. Nbd2 Rc8 14. Qb1 h6 15.
h3 Bh5 16. e5 Nd5 17. g4 Bg6 18. Bxg6 fxg6 19. Qxg6 dxe5 20. Qe6+ Kh7 21. Qxe5
Nxe3 22. Qxe3 Bd6 23. Qe4+ Kh8 24. Re2 cxd4 25. Nxd4 Bc5 26. Nf5 Re8 27. Qxe8+
Qxe8 28. Rxe8+ Rxe8 29. Kf1 Nc6 30. Rc1 Bb4 31. Rxc6 Bxd2 32. Rxa6 Re1+ 33. Kg2
Rb1 34. b3 Rb2 35. Nd6 b4 36. Nc4 Rc2 37. Nxd2 Rxd2 38. Ra4 Kh7 39. Rxb4 Rxa2
40. Rb6 Rb2 41. Kg3 Rb1 42. h4 Rg1+ 43. Kf4 Rh1 44. h5 Rb1 45. Kf5 Rb2 46. f4
Rf2 47. Rb8 Rd2 48. b4 Rd5+ 49. Ke4 Rd1 50. b5 Rb1 51. Kf5 Rc1 52. b6 Rc5+ 53.
Ke6 Rc4 54. Ke5 Rc5+ 55. Kd6 Rc4 56. Rf8 Rb4 57. Kc6 Rb1 58. Rf5 Rc1+ 59. Rc5
Rb1 60. b7 Rb2 61. Kc7 1-0

[Event "SV Königsspringer Hamm1-SV Bochum-Linde"]
[Site "Verbandsliga - Gruppe 1 2018/"]
[Date "2019.01.20"]
[Round "5.2"]
[White "Happel, Heiner"]
[Black "Schreck, Roland"]
[Result "1/2-1/2"]
[WhiteElo "2168"]
[BlackElo "2123"]
[PlyCount "42"]
[EventDate "2019.??.??"]

1. Nf3 g6 2. g3 Bg7 3. Bg2 d5 4. d4 Nf6 5. c4 O-O 6. O-O dxc4 7. Na3 c6 8. Nxc4
Na6 9. b3 Bf5 10. Bb2 Qc8 11. e3 Bh3 12. Qe2 Bxg2 13. Kxg2 Qf5 14. Rfd1 Rfd8
15. Rac1 Ne4 16. Nfe5 f6 17. Nf3 Qd5 18. Kg1 Qh5 19. Ncd2 Nd6 20. Nc4 Ne4 21.
Ncd2 Nd6 1/2-1/2

[Event "SV Königsspringer Hamm1-SV Bochum-Linde"]
[Site "Verbandsliga - Gruppe 1 2018/"]
[Date "2019.01.20"]
[Round "5.3"]
[White "Schaper, Steffen"]
[Black "Dargel, Manuel"]
[Result "1/2-1/2"]
[WhiteElo "1995"]
[BlackElo "2119"]
[PlyCount "56"]
[EventDate "2019.??.??"]

1. e4 c5 2. Nc3 Nc6 3. g3 d6 4. Bg2 Bd7 5. d3 Nf6 6. f4 g6 7. Nf3 Qc8 8. e5
dxe5 9. fxe5 Ng4 10. Qe2 Bg7 11. Bf4 Nd4 12. Nxd4 cxd4 13. Nd5 Be6 14. O-O Qc5
15. b4 Qc8 16. Qe4 Qd7 17. Qxd4 Rd8 18. c4 b6 19. Rae1 O-O 20. Bg5 Nxe5 21.
Rxe5 Bxd5 22. Bxd5 Qc7 23. Bf4 e6 24. Qe4 Bxe5 25. Bxe5 exd5 26. Bxc7 dxe4 27.
Bxd8 Rxd8 28. dxe4 Rd4 1/2-1/2

[Event "SV Königsspringer Hamm1-SV Bochum-Linde"]
[Site "Verbandsliga - Gruppe 1 2018/"]
[Date "2019.01.20"]
[Round "5.4"]
[White "Prueß, Wilfried"]
[Black "Boehm, Ingo"]
[Result "1/2-1/2"]
[WhiteElo "2052"]
[BlackElo "2035"]
[PlyCount "46"]
[EventDate "2019.??.??"]

1. e4 g6 2. d4 d6 3. Nc3 Nf6 4. f4 Bg7 5. Nf3 O-O 6. Bd3 Na6 7. O-O c5 8. d5
Nc7 9. Qe2 Rb8 10. a4 a6 11. a5 b5 12. axb6 Rxb6 13. Bc4 Nb5 14. Na4 Rb8 15. c3
Nc7 16. Kh1 Bd7 17. Bd3 Qe8 18. Bc2 e6 19. dxe6 Qxe6 20. Re1 Rfe8 21. Qd2 Bc6
22. Ng5 Qe7 23. e5 Nd7 1/2-1/2

[Event "SV Königsspringer Hamm1-SV Bochum-Linde"]
[Site "Verbandsliga - Gruppe 1 2018/"]
[Date "2019.01.20"]
[Round "5.5"]
[White "Schmidt, Ralph"]
[Black "Schmidt, Ingo"]
[Result "1/2-1/2"]
[WhiteElo "1897"]
[BlackElo "1953"]
[PlyCount "41"]
[EventDate "2019.??.??"]

1. e4 e5 2. Nf3 Nc6 3. Bc4 Be7 4. Nc3 Nf6 5. O-O O-O 6. a3 d6 7. h3 Nd4 8. d3
a6 9. Nd5 Nxd5 10. Bxd5 c6 11. Ba2 Be6 12. c3 Nxf3+ 13. Qxf3 b5 14. Qg3 Bh4 15.
Qe3 Bxa2 16. Rxa2 d5 17. b4 Qd6 18. Qe2 Qe6 19. Qg4 Qxg4 20. hxg4 dxe4 21. dxe4
1/2-1/2

[Event "SV Königsspringer Hamm1-SV Bochum-Linde"]
[Site "Verbandsliga - Gruppe 1 2018/"]
[Date "2019.01.20"]
[Round "5.6"]
[White "Klaus, Michael"]
[Black "Hochstein, Udo"]
[Result "1/2-1/2"]
[WhiteElo "1854"]
[BlackElo "1893"]
[PlyCount "60"]
[EventDate "2019.??.??"]

1. d4 Nf6 2. Nf3 g6 3. c4 Bg7 4. Nc3 O-O 5. g3 d6 6. Bg2 c6 7. O-O Qa5 8. a3
Qh5 9. Qc2 Bh3 10. Bg5 Nbd7 11. Rad1 h6 12. Bxf6 Nxf6 13. Qd3 Rfd8 14. Nh4 Bxg2
15. Kxg2 d5 16. Nf3 Rac8 17. h3 dxc4 18. Qxc4 Qa5 19. Qb3 Qc7 20. e3 e6 21. Rc1
Qe7 22. Qa4 a6 23. Qa5 c5 24. dxc5 Rxc5 25. Qb4 Bf8 26. Qa4 Rdc8 27. Ne2 Nd5
28. Rxc5 Rxc5 29. b4 Rc4 30. Qb3 Qc7 1/2-1/2

[Event "SV Königsspringer Hamm1-SV Bochum-Linde"]
[Site "Verbandsliga - Gruppe 1 2018/"]
[Date "2019.01.20"]
[Round "5.7"]
[White "Artz, Klaus"]
[Black "Sporkert, Corina"]
[Result "0-1"]
[WhiteElo "1854"]
[BlackElo "1831"]
[PlyCount "80"]
[EventDate "2019.??.??"]

1. d4 Nf6 2. c4 g6 3. Nc3 d5 4. Nf3 Bg7 5. g3 c6 6. cxd5 cxd5 7. Bg2 O-O 8. O-O
Nc6 9. Qb3 e6 10. Bf4 Nh5 11. Be3 Na5 12. Qd1 Nc4 13. Bc1 b6 14. b3 Nd6 15. Bg5
Nf6 16. Ne5 Bb7 17. Qd2 Qe8 18. f3 Nd7 19. Nxd7 Qxd7 20. Bh6 Rac8 21. Bxg7 Kxg7
22. Rac1 Rc7 23. Nb1 Rfc8 24. Rxc7 Qxc7 25. g4 Ba6 26. Re1 Qc2 27. Qf4 Ne8 28.
Qe5+ Kg8 29. e4 Bb7 30. h4 Qxa2 31. h5 Qxb3 32. hxg6 hxg6 33. Kh2 Qb4 34. exd5
Bxd5 35. Qe3 Qd6+ 36. Kh3 Kg7 37. Rh1 Nf6 38. Bf1 Rh8+ 39. Kg2 Rxh1 40. Kxh1
Nxg4 0-1

[Event "SV Königsspringer Hamm1-SV Bochum-Linde"]
[Site "Verbandsliga - Gruppe 1 2018/"]
[Date "2019.01.20"]
[Round "5.8"]
[White "Kauder, Hartmut"]
[Black "Pappert, Thomas"]
[Result "1-0"]
[WhiteElo "2089"]
[BlackElo "1766"]
[PlyCount "59"]
[EventDate "2019.??.??"]

1. c4 c5 2. Nc3 Nc6 3. g3 e5 4. Bg2 d6 5. e3 f5 6. Nge2 Nf6 7. O-O Be7 8. d4
O-O 9. b3 a6 10. Bb2 Rb8 11. Nd5 Bd7 12. dxc5 dxc5 13. Qd2 Be6 14. Rfd1 e4 15.
Nef4 Bf7 16. Qc3 Qe8 17. Nxe7+ Nxe7 18. Rd6 Bh5 19. Ne6 Rf7 20. Nxg7 Kxg7 21.
Rxf6 Kf8 22. Re6 Qd7 23. Qh8+ Ng8 24. Re5 Qc6 25. Rd5 Re8 26. Rxf5 Qg6 27. Rxc5
Rd8 28. Ba3 Ke8 29. Bxe4 Qg4 30. Qe5+ 1-0

[Event "SK Sodingen/Castrop 2 - SF Brackel 2"]
[Site "Verbandsliga - Gruppe 1 2018/"]
[Date "2019.01.20"]
[Round "5.1"]
[White "Bree, Thomas"]
[Black "Ribbeheger, Edgar"]
[Result "0-1"]
[WhiteElo "2068"]
[BlackElo "2005"]
[PlyCount "164"]
[EventDate "2019.??.??"]

1. d4 Nf6 2. Bg5 Ne4 3. Bf4 d5 4. e3 c6 5. Nd2 Qa5 6. c3 Nxd2 7. Qxd2 Bf5 8.
Nf3 Nd7 9. Nh4 Bg6 10. Nxg6 hxg6 11. Bd3 e6 12. b4 Qb6 13. O-O Be7 14. e4 dxe4
15. Bxe4 Nf6 16. Bd3 Nd5 17. Be5 Bf6 18. Bg3 Rd8 19. Rad1 Rd7 20. Qc2 O-O 21.
Rfe1 a5 22. a3 axb4 23. axb4 Ra8 24. Qb3 Rad8 25. Bc2 Ne7 26. Rd3 Nf5 27. Rf3
Qa7 28. Bf4 Re8 29. Rh3 Nh4 30. Bg3 g5 31. Bxh4 gxh4 32. Rf3 Rd5 33. Qc4 Qa8
34. Qd3 Rh5 35. Qe2 Rh6 36. h3 Rd8 37. Qe4 Qa2 38. Bb1 Qd5 39. Qe2 Ra8 40. Qb2
Bd8 41. Be4 Qd6 42. Ra1 Rb8 43. Re3 Bc7 44. Kf1 Qh2 45. Bf3 Rf6 46. Qa2 Bb6 47.
Rae1 Rd8 48. Qa4 Rf4 49. Qa2 Bxd4 50. cxd4 Rfxd4 51. Ke2 Qd6 52. Kf1 Rd2 53.
Qa5 Qh2 54. Qxd8+ Rxd8 55. Ke2 Qd6 56. Rb1 Qd2+ 57. Kf1 Qa2 58. Reb3 Rd2 59. b5
Rxf2+ 60. Kg1 cxb5 61. Rxb5 Rxf3 62. gxf3 Qe2 63. R5b3 b5 64. Rf1 Qc4 65. Rbb1
Qf4 66. Rxb5 Qg3+ 67. Kh1 Qxh3+ 68. Kg1 Qg3+ 69. Kh1 h3 70. Rb2 e5 71. Rb8+ Kh7
72. Rb2 g5 73. Ra2 Kh6 74. Ra6+ Kh5 75. Ra2 f5 76. Re2 Kh4 77. Ref2 Qf4 78. Kg1
Qd4 79. Kh2 Qf4+ 80. Kh1 Kg3 81. Kg1 Qe3 82. f4 exf4 0-1

[Event "SK Sodingen/Castrop 2 - SF Brackel 2"]
[Site "Verbandsliga - Gruppe 1 2018/"]
[Date "2019.01.20"]
[Round "5.2"]
[White "Haberhausen, Ansgar"]
[Black "Althoff, Ralph"]
[Result "1/2-1/2"]
[WhiteElo "2002"]
[BlackElo "1992"]
[PlyCount "81"]
[EventDate "2019.??.??"]

1. d4 d5 2. Nf3 Nf6 3. c4 e6 4. Nc3 Nbd7 5. cxd5 exd5 6. Bg5 h6 7. Bh4 Be7 8.
e3 c6 9. Bd3 Nh5 10. Bxe7 Qxe7 11. O-O O-O 12. Rc1 Nb6 13. Ne5 Qh4 14. Re1 Be6
15. g3 Qh3 16. Bf1 Qf5 17. g4 Qg5 18. f4 Nxf4 19. exf4 Qxf4 20. h3 f5 21. Ng6
Qg3+ 22. Bg2 Rf6 23. Ne7+ Kh8 24. Qf3 Qh4 25. gxf5 Qxd4+ 26. Kh1 Bf7 27. Ne2
Qb4 28. Nf4 Qxb2 29. Neg6+ Bxg6 30. Nxg6+ Kh7 31. Rcd1 Qc2 32. Nh4 Qc4 33. Qg3
Qb4 34. Ng6 Rxf5 35. Re7 Rg5 36. Qd3 Kg8 37. Rxb7 Re8 38. Rf1 Qb2 39. Ne7+ Kh8
40. Qf3 Qc2 41. Rf2 1/2-1/2

[Event "SK Sodingen/Castrop 2 - SF Brackel 2"]
[Site "Verbandsliga - Gruppe 1 2018/"]
[Date "2019.01.20"]
[Round "5.3"]
[White "Al Tarboush, Hussam"]
[Black "Foerster, Wolfgang"]
[Result "0-1"]
[WhiteElo "2014"]
[BlackElo "1953"]
[PlyCount "94"]
[EventDate "2019.??.??"]

1. e4 c5 2. Nf3 e6 3. d4 cxd4 4. Nxd4 Bc5 5. Nb3 Bb6 6. Be2 Ne7 7. c4 O-O 8.
Nc3 f5 9. O-O a6 10. c5 Bc7 11. Bd3 f4 12. f3 Nbc6 13. Ne2 Ng6 14. a3 b6 15.
cxb6 Bxb6+ 16. Kh1 Nce5 17. Bb1 Bb7 18. Nbd4 Nc6 19. b4 Qf6 20. Bb2 Qg5 21.
Nxc6 Bxc6 22. Nd4 Nh4 23. Qd2 Bb7 24. Ba2 Rad8 25. Qe2 Rf6 26. Rad1 Rg6 27. Rd2
Kh8 28. Rfd1 Rf8 29. a4 Qh5 30. Qf1 Rh6 31. h3 Rg6 32. a5 Bxd4 33. Bxd4 d5 34.
Bc5 Re8 35. exd5 exd5 36. Bxd5 Nxg2 37. Rxg2 Bxd5 38. Rxg6 Bxf3+ 39. Kh2 hxg6
40. Rd2 g5 41. Bd6 Bb7 42. Bc7 Qh4 43. Qf2 Qxf2+ 44. Rxf2 Re1 45. Bxf4 gxf4 46.
Rxf4 Re2+ 47. Kg3 Rg2+ 0-1

[Event "SK Sodingen/Castrop 2 - SF Brackel 2"]
[Site "Verbandsliga - Gruppe 1 2018/"]
[Date "2019.01.20"]
[Round "5.4"]
[White "Schriewer, Thomas"]
[Black "Borchert, Louis"]
[Result "1/2-1/2"]
[WhiteElo "1907"]
[BlackElo "1959"]
[PlyCount "37"]
[EventDate "2019.??.??"]

1. Nf3 d5 2. d4 Bf5 3. Bf4 e6 4. e3 Nf6 5. Be2 Be7 6. Nbd2 O-O 7. h3 c5 8. c3
Qb6 9. Qb3 c4 10. Qxb6 axb6 11. Nh4 Bc2 12. O-O h6 13. Nhf3 b5 14. a3 Nbd7 15.
Rac1 Bh7 16. Bd1 Nh5 17. Bh2 Nb6 18. Ne5 Nf6 19. Re1 1/2-1/2

[Event "SK Sodingen/Castrop 2 - SF Brackel 2"]
[Site "Verbandsliga - Gruppe 1 2018/"]
[Date "2019.01.20"]
[Round "5.5"]
[White "Bense, Dirk"]
[Black "Evertz, Dieter"]
[Result "1/2-1/2"]
[WhiteElo "1938"]
[BlackElo "1925"]
[PlyCount "39"]
[EventDate "2019.??.??"]

1. e4 d5 2. exd5 Qxd5 3. d4 e5 4. dxe5 Qxe5+ 5. Qe2 Bd6 6. Bf4 Qxe2+ 7. Nxe2
Bxf4 8. Nxf4 Nf6 9. Nc3 c6 10. O-O-O O-O 11. h3 Nbd7 12. g4 Nc5 13. Bg2 h6 14.
Nd3 Nxd3+ 15. Rxd3 Be6 16. Rhd1 Rae8 17. b3 g6 18. Na4 Bc8 19. Rd6 Kg7 20. Nc3
1/2-1/2

[Event "SK Sodingen/Castrop 2 - SF Brackel 2"]
[Site "Verbandsliga - Gruppe 1 2018/"]
[Date "2019.01.20"]
[Round "5.6"]
[White "Hessel, Malte"]
[Black "Schwiddessen, Jan"]
[Result "0-1"]
[WhiteElo "1924"]
[BlackElo "1862"]
[PlyCount "76"]
[EventDate "2019.??.??"]

1. d4 Nf6 2. Nf3 g6 3. g3 Bg7 4. Bg2 d6 5. O-O O-O 6. Re1 Nbd7 7. e4 e5 8. c3
h6 9. a4 Kh7 10. Na3 Ng8 11. dxe5 Nxe5 12. Nxe5 Bxe5 13. f4 Bg7 14. Be3 Be6 15.
Qc2 Ne7 16. Nb5 c6 17. Nd4 Bxd4 18. Bxd4 Qc7 19. f5 Bd7 20. Rf1 b6 21. Rf2 g5
22. Re1 f6 23. c4 a5 24. b3 Rad8 25. Bc3 Be8 26. g4 Kg7 27. Rd2 Nc8 28. Red1
Qe7 29. Qb2 Bf7 30. e5 dxe5 31. Bxc6 Rxd2 32. Qxd2 Qc5+ 33. Kf1 Qxc6 34. Qf2
Bxc4+ 35. bxc4 Qxc4+ 36. Qe2 Qxc3 37. Qa2 Qf3+ 38. Ke1 Qh1+ 0-1

[Event "SK Sodingen/Castrop 2 - SF Brackel 2"]
[Site "Verbandsliga - Gruppe 1 2018/"]
[Date "2019.01.20"]
[Round "5.8"]
[White "Zwielich, Frank"]
[Black "Strathoff, Dirk"]
[Result "1-0"]
[WhiteElo "1920"]
[BlackElo "1868"]
[PlyCount "55"]
[EventDate "2019.??.??"]

1. d4 Nf6 2. Nf3 d5 3. Bf4 g6 4. e3 Bg7 5. c4 c6 6. Nc3 O-O 7. h3 Bf5 8. Qb3
dxc4 9. Qxb7 Nbd7 10. Bxc4 Nb6 11. Bc7 Qe8 12. Bxb6 axb6 13. Ne5 b5 14. Be2 b4
15. Qxb4 Rb8 16. Qa3 c5 17. Qxc5 Rxb2 18. O-O Ne4 19. Qa3 Rb8 20. Nd5 Nd6 21.
Nc6 Rb7 22. Ncxe7+ Rxe7 23. Qxd6 Re6 24. Qc5 Qd7 25. Bb5 Qb7 26. Bc6 Qc8 27.
Rfc1 Be4 28. Ne7+ 1-0

[Event "SK Holsterhausen 1-SG Bochum 3"]
[Site "?"]
[Date "2019.01.20"]
[Round "5.4"]
[White "Kortenbusch, Christoph"]
[Black "Finke, Dominik"]
[Result "1/2-1/2"]
[WhiteElo "2089"]
[BlackElo "1999"]
[PlyCount "63"]
[EventDate "2019.??.??"]

1. e4 e5 2. Nf3 Nc6 3. Bb5 a6 4. Bxc6 dxc6 5. O-O Be7 6. Nxe5 Qd4 7. Nf3 Qxe4
8. Re1 Qg6 9. Ne5 Qf5 10. d4 Be6 11. Nd2 h5 12. Ndf3 O-O-O 13. b3 g5 14. Qd3
Qxd3 15. Nxd3 g4 16. Ng5 Bxg5 17. Bxg5 Rxd4 18. Bc1 Rd7 19. Nc5 Rd5 20. Be3 Nh6
21. c4 Rdd8 22. Bg5 Rde8 23. Re5 Nf5 24. Rae1 Rhg8 25. Bf6 Ref8 26. Nxe6 fxe6
27. Rxe6 Rg6 28. Re8+ Rxe8 29. Rxe8+ Kd7 30. Rd8+ Ke6 31. Bc3 Nd6 32. Rh8
1/2-1/2

[Event "SV Rot-Weiß-Altenessen 1 - SV Bottrop 1"]
[Site "Verbandsliga - Gruppe 1 2018/"]
[Date "2019.01.20"]
[Round "5.1"]
[White "Stadtmann, Jens"]
[Black "PraÃŸ, Marian"]
[Result "1-0"]
[WhiteElo "2132"]
[BlackElo "1986"]
[PlyCount "95"]
[EventDate "2019.??.??"]

1. c4 Nf6 2. Nc3 g6 3. g3 c5 4. Bg2 Nc6 5. e3 Bg7 6. Nge2 O-O 7. d4 Rb8 8. O-O
d6 9. b3 Bd7 10. Bb2 a6 11. dxc5 dxc5 12. Na4 b6 13. Nec3 e6 14. Qd6 Qc8 15.
Rfd1 Rd8 16. Ne4 Nxe4 17. Bxe4 Be8 18. Qf4 Bxb2 19. Nxb2 f5 20. Rxd8 Nxd8 21.
Bg2 Nf7 22. e4 e5 23. Qe3 Bc6 24. Rd1 Qe8 25. exf5 gxf5 26. Bd5 Bxd5 27. Rxd5
Rd8 28. Qd3 b5 29. Rxd8 Qxd8 30. Qxd8+ Nxd8 31. Nd3 bxc4 32. bxc4 Ne6 33. Nxe5
Kg7 34. f4 Kf6 35. Kf2 Ke7 36. Ke3 Nd4 37. Kd3 Ke6 38. Kc3 Ke7 39. Kb2 Ne2 40.
Nf3 Nd4 41. Nxd4 cxd4 42. Kc2 Kd6 43. Kd3 Kc5 44. h3 h5 45. h4 a5 46. a4 Kb4
47. Kxd4 Kxa4 48. Kc3 1-0

[Event "SV Rot-Weiß-Altenessen 1 - SV Bottrop 1"]
[Site "Verbandsliga - Gruppe 1 2018/"]
[Date "2019.01.20"]
[Round "5.3"]
[White "Mohrholz, Uwe"]
[Black "Birdaini, Becir"]
[Result "1/2-1/2"]
[WhiteElo "1977"]
[BlackElo "2043"]
[PlyCount "146"]
[EventDate "2019.??.??"]

1. e4 c6 2. Nc3 d5 3. Nf3 d4 4. Ne2 d3 5. cxd3 Qxd3 6. Ng3 Qd8 7. Bc4 e6 8. d3
Nf6 9. Bg5 Be7 10. Qd2 a5 11. a3 b5 12. Bb3 a4 13. Bd1 Nbd7 14. Rc1 Bb7 15. O-O
O-O 16. h4 Rc8 17. h5 h6 18. Bh4 c5 19. Re1 Re8 20. e5 Nd5 21. Bxe7 Nxe7 22.
Ne4 Bxe4 23. Rxe4 Nf8 24. g4 Nh7 25. Bc2 Nd5 26. d4 c4 27. Bb1 Ng5 28. Nxg5
Qxg5 29. Qxg5 hxg5 30. Ree1 Red8 31. Kf1 Rc7 32. Red1 Rcd7 33. Ke2 Ne7 34. Be4
Rxd4 35. Rxd4 Rxd4 36. Ke3 Rd7 37. Re1 Nd5+ 38. Kd4 Nf4+ 39. Kc5 Nd3+ 40. Bxd3
Rd5+ 41. Kb4 cxd3 42. Kc3 d2 43. Rd1 Rxe5 44. Rxd2 f5 45. gxf5 Rxf5 46. Kb4 Kf7
47. f3 Kf6 48. Rd7 Rxf3 49. Kxb5 Rb3+ 50. Kxa4 Rxb2 51. Rd4 Rb8 52. Ka5 Ra8+
53. Kb4 e5 54. Rd6+ Kf5 55. Rd7 Rg8 56. Kc4 g4 57. Kd3 Ra8 58. Rf7+ Ke6 59.
Rxg7 Rxa3+ 60. Ke4 Ra4+ 61. Ke3 Kf5 62. h6 Ra3+ 63. Kf2 Rh3 64. h7 e4 65. Rf7+
Kg6 66. Re7 Rxh7 67. Rxe4 Kf5 68. Ra4 Rb7 69. Ra3 Kf4 70. Ra4+ Kg5 71. Ra2 Kh4
72. Kg2 Rb4 73. Rc2 Rb3 1/2-1/2

[Event "SV Rot-Weiß-Altenessen 1 - SV Bottrop 1"]
[Site "Verbandsliga - Gruppe 1 2018/"]
[Date "2019.01.20"]
[Round "5.4"]
[White "Cavasin, Joerg"]
[Black "Nowak, Steven"]
[Result "0-1"]
[WhiteElo "1923"]
[BlackElo "1912"]
[PlyCount "104"]
[EventDate "2019.??.??"]

1. c4 e5 2. Nc3 Nf6 3. Nf3 d6 4. g3 c6 5. Bg2 Be6 6. b3 Qc8 7. d4 Nbd7 8. O-O
Be7 9. Ba3 Qd8 10. Qc2 O-O 11. Rad1 Qe8 12. Bb2 Nh5 13. dxe5 dxe5 14. Ne4 f6
15. Nd6 Qb8 16. Nf5 Bc5 17. Bh3 Kh8 18. Bg2 Qc7 19. e3 g6 20. N5h4 Bf7 21. Nd2
Ng7 22. Ne4 Be7 23. Nf3 Ne6 24. a3 a5 25. Rd2 Rad8 26. Rfd1 Ndc5 27. Nxc5 Nxc5
28. b4 Na6 29. bxa5 Be6 30. Bc3 Bxa3 31. Qe4 Rxd2 32. Rxd2 Bf5 33. Qh4 Bb4 34.
Bxb4 Nxb4 35. g4 Be4 36. Ne1 Bxg2 37. Kxg2 Qe7 38. Nf3 c5 39. Qg3 Nc6 40. Ra2
Ra8 41. Nd2 Rxa5 42. Rxa5 Nxa5 43. Qf3 Kg7 44. Qd5 b6 45. h3 Qb7 46. Qxb7+ Nxb7
47. Kf3 Nd6 48. Ke2 Kh6 49. Kd3 f5 50. e4 fxg4 51. hxg4 Kg5 52. Nf3+ Kf4 0-1

[Event "SV Rot-Weiß-Altenessen 1 - SV Bottrop 1"]
[Site "Verbandsliga - Gruppe 1 2018/"]
[Date "2019.01.20"]
[Round "5.5"]
[White "Masberg, Stefan"]
[Black "Rohloff, Markus"]
[Result "1/2-1/2"]
[WhiteElo "1933"]
[BlackElo "1892"]
[PlyCount "54"]
[EventDate "2019.??.??"]

1. e4 e6 2. d4 d5 3. Nc3 Bb4 4. e5 c5 5. a3 Bxc3+ 6. bxc3 Qc7 7. Nf3 Nc6 8. Bd2
Nge7 9. Bd3 c4 10. Be2 Bd7 11. O-O f5 12. h4 h6 13. g3 O-O-O 14. Kg2 Rdf8 15.
Qc1 Rhg8 16. Rh1 Nd8 17. h5 Nf7 18. Nh4 g5 19. hxg6 Nxg6 20. Nxg6 Rxg6 21. Bh5
Rgg8 22. Bxf7 Rxf7 23. Rxh6 Qd8 24. Bf4 Rfg7 25. Kf3 Qe7 26. Qb2 Rh7 27. Rah1
Rgh8 1/2-1/2

[Event "SV Rot-Weiß-Altenessen 1 - SV Bottrop 1"]
[Site "Verbandsliga - Gruppe 1 2018/"]
[Date "2019.01.20"]
[Round "5.6"]
[White "Avgustin, Thomas"]
[Black "Gierse, Heinz-Dieter"]
[Result "0-1"]
[WhiteElo "1738"]
[BlackElo "1945"]
[PlyCount "66"]
[EventDate "2019.??.??"]

1. e4 d5 2. exd5 Nf6 3. d4 Nxd5 4. Nf3 g6 5. Bc4 Bg7 6. O-O O-O 7. Nc3 Nb6 8.
Be2 Nc6 9. Be3 Bf5 10. a3 e5 11. dxe5 Qxd1 12. Bxd1 Nc4 13. Bc1 Rad8 14. b3
N4xe5 15. Nxe5 Bxe5 16. Bb2 Rd2 17. Rc1 Nd4 18. Na4 b5 19. Bc3 Rxd1 20. Rcxd1
Ne2+ 21. Kh1 Nxc3 22. Nxc3 Bxc3 23. Rd5 a6 24. Rc5 Ba5 25. c4 Bb6 26. Rd5 Be6
27. Re5 bxc4 28. b4 Rd8 29. h4 Rd2 30. h5 Kg7 31. f3 c3 32. Rc1 c2 33. Kh2 Bd4
0-1

[Event "SV Rot-Weiß-Altenessen 1 - SV Bottrop 1"]
[Site "Verbandsliga - Gruppe 1 2018/"]
[Date "2019.01.20"]
[Round "5.7"]
[White "Jaeger, Heinz"]
[Black "Metzner, Carsten"]
[Result "1-0"]
[WhiteElo "1966"]
[BlackElo "1831"]
[PlyCount "65"]
[EventDate "2019.??.??"]

1. d4 d5 2. Nf3 Nf6 3. Bg5 e6 4. Nbd2 h6 5. Bxf6 Qxf6 6. e4 dxe4 7. Nxe4 Qd8 8.
Bd3 Be7 9. Qe2 b6 10. O-O-O O-O 11. g4 Bb7 12. h4 Qd5 13. Kb1 Nd7 14. Ned2 Qd6
15. Qe3 c5 16. Ne4 Qc6 17. c3 Nf6 18. Ne5 Qc7 19. g5 cxd4 20. cxd4 Nxe4 21.
Bxe4 Bxe4+ 22. Qxe4 h5 23. g6 fxg6 24. Nxg6 Rfe8 25. Qxe6+ Kh7 26. Qf5 Kg8 27.
Qd5+ Kh7 28. Qxh5+ Kg8 29. Qh8+ Kf7 30. Ne5+ Kf6 31. Qh5 Bf8 32. Rc1 Qb7 33.
Rc6+ 1-0

[Event "SV Rot-Weiß-Altenessen 1 - SV Bottrop 1"]
[Site "Verbandsliga - Gruppe 1 2018/"]
[Date "2019.01.20"]
[Round "5.8"]
[White "Neugebauer, Thomas"]
[Black "Skolarski, Hans-Georg"]
[Result "0-1"]
[WhiteElo "1842"]
[BlackElo "2114"]
[PlyCount "98"]
[EventDate "2019.??.??"]

1. e4 c6 2. d4 d5 3. e5 c5 4. c3 Nc6 5. Be3 g6 6. Qd2 Bg7 7. Na3 cxd4 8. cxd4
a6 9. Bd3 h5 10. Ne2 Nh6 11. f3 Bf5 12. O-O Rc8 13. Ng3 Bxd3 14. Qxd3 e6 15.
Nc2 h4 16. Ne2 Nf5 17. Bd2 Qb6 18. f4 Bf8 19. Bc3 Be7 20. Qh3 Kd7 21. a3 a5 22.
Rad1 Qa6 23. Nc1 a4 24. Nd3 Qc4 25. Ne3 Nxe3 26. Qxe3 b6 27. Rc1 Qb5 28. Rf2
Qb3 29. Qh3 Na7 30. Rf3 Nb5 31. Bd2 Rxc1+ 32. Bxc1 Qc4 33. Bd2 Nxd4 34. Rf2 Rc8
35. Bc3 Nb5 36. Bb4 Bxb4 37. Nxb4 Qc1+ 38. Rf1 Qxb2 39. Nxd5 Qd4+ 40. Ne3 Rc3
41. Rd1 Qxd1+ 42. Nxd1 Rxh3 43. gxh3 Nd4 44. Kf2 Kc6 45. Nc3 b5 46. Nb1 Kc5 47.
Ke3 Nc6 48. Kd3 b4 49. axb4+ Kxb4 0-1

[Event "SV Erkenschwick 2 - SV Ahlen 1"]
[Site "Verbandsliga - Gruppe 1 2018/"]
[Date "2019.01.20"]
[Round "5.1"]
[White "Steinle, Carsten"]
[Black "Trzaska, Peter"]
[Result "1-0"]
[WhiteElo "2132"]
[BlackElo "2070"]
[PlyCount "99"]
[EventDate "2019.??.??"]

1. Nf3 d5 2. g3 Nf6 3. Bg2 c6 4. O-O Bf5 5. d3 h6 6. Nbd2 e6 7. Re1 Bc5 8. c3
Qb6 9. d4 Be7 10. Ne5 O-O 11. e4 Bh7 12. Qb3 dxe4 13. Nxe4 Nbd7 14. Nxf6+ Nxf6
15. Nc4 Qxb3 16. axb3 Nd5 17. Na5 Rab8 18. Bxd5 cxd5 19. Bf4 g5 20. Bxb8 Rxb8
21. b4 Bc2 22. Re2 Bd3 23. Rd2 Bb5 24. f3 b6 25. Nb3 a6 26. Nc1 f6 27. Nd3 Kf7
28. f4 Bd6 29. Kf2 Ra8 30. Ke3 Re8 31. Rf2 Kg6 32. Kd2 g4 33. Re2 Kf5 34. Re3
h5 35. Ne1 h4 36. Ng2 hxg3 37. hxg3 Rh8 38. Rg1 Rh2 39. Ke1 Bc4 40. Kf2 e5 41.
fxe5 fxe5 42. dxe5 Bxe5 43. Rge1 Bf6 44. Kg1 Rh7 45. Re6 d4 46. Rxb6 Rh3 47.
Rc6 Bb5 48. Rc5+ Kg6 49. Nf4+ Kf7 50. Rc7+ 1-0

[Event "SV Erkenschwick 2 - SV Ahlen 1"]
[Site "Verbandsliga - Gruppe 1 2018/"]
[Date "2019.01.20"]
[Round "5.2"]
[White "Jungbluth, Rolf"]
[Black "Torres-Kuckel, Rafael"]
[Result "1-0"]
[WhiteElo "1954"]
[BlackElo "2126"]
[PlyCount "83"]
[EventDate "2019.??.??"]

1. c4 e5 2. Nc3 Nf6 3. g3 d5 4. cxd5 Nxd5 5. Bg2 Nb6 6. Nf3 Nc6 7. a4 a5 8. d3
Be7 9. Be3 O-O 10. O-O Re8 11. Re1 Bb4 12. Nd2 Nd4 13. Na2 Bf8 14. Nc4 Nd5 15.
Bd2 Nc6 16. Nc3 Ndb4 17. Na2 Nd4 18. Nxa5 Nbc2 19. e3 Nxe1 20. Bxe1 c6 21. Nc4
Nf5 22. Bc3 f6 23. a5 Be6 24. Nb6 Rb8 25. d4 exd4 26. exd4 Ne7 27. Nb4 Nc8 28.
d5 Bxb4 29. dxe6 Nxb6 30. Qb3 Nd5 31. Bxb4 Rxe6 32. Rd1 Re5 33. Bc3 Re6 34.
Rxd5 Qe7 35. Rd1 Kh8 36. a6 b5 37. Bb4 Qe8 38. Bh3 Re2 39. Bg4 Re4 40. a7 Rxg4
41. axb8=Q Qxb8 42. Qe6 1-0

[Event "SV Erkenschwick 2 - SV Ahlen 1"]
[Site "Verbandsliga - Gruppe 1 2018/"]
[Date "2019.01.20"]
[Round "5.3"]
[White "Volesky, Alexander"]
[Black "Broszeit, Peter"]
[Result "1-0"]
[WhiteElo "2036"]
[BlackElo "1906"]
[PlyCount "93"]
[EventDate "2019.??.??"]

1. d4 Nf6 2. Bf4 d5 3. e3 c5 4. c3 Qb6 5. Qb3 c4 6. Qc2 Nc6 7. Nd2 Bg4 8. b3
cxb3 9. axb3 e6 10. Bd3 Be7 11. h3 Bh5 12. Ngf3 Bg6 13. O-O O-O 14. Ne5 Nxe5
15. Bxe5 Bxd3 16. Qxd3 Nd7 17. Bg3 Bd6 18. Bxd6 Qxd6 19. Ra2 a6 20. Rfa1 Rac8
21. c4 Nb8 22. c5 Qd7 23. b4 Nc6 24. Qb3 e5 25. b5 axb5 26. Qxb5 Qe7 27. Nf3 e4
28. Ne1 f5 29. Rb1 Rc7 30. g3 h5 31. Qe2 g6 32. Ng2 Qf7 33. h4 Kh7 34. Nf4 Rd7
35. Rb6 Rg8 36. Nh3 Kh6 37. Qd1 Re8 38. Qb3 Ree7 39. Ra8 Rd8 40. Ng5 Qg8 41.
Rxd8 Nxd8 42. Rd6 Nc6 43. Qxd5 Qxd5 44. Rxd5 Nb4 45. Rd6 Rc7 46. Rd8 Na6 47.
Ne6 1-0

[Event "SV Erkenschwick 2 - SV Ahlen 1"]
[Site "Verbandsliga - Gruppe 1 2018/"]
[Date "2019.01.20"]
[Round "5.4"]
[White "Schulze Bisping, Franz-Adolf"]
[Black "Volesky, Karl-Heinz"]
[Result "1/2-1/2"]
[WhiteElo "1915"]
[BlackElo "2029"]
[PlyCount "32"]
[EventDate "2019.??.??"]

1. d4 Nf6 2. c4 e6 3. Nc3 Bb4 4. e3 b6 5. Bd3 Bb7 6. Nf3 O-O 7. O-O Bxc3 8.
bxc3 Ne4 9. Qc2 f5 10. Nd2 d5 11. f3 Nxd2 12. Bxd2 Ba6 13. cxd5 Bxd3 14. Qxd3
Qxd5 15. c4 Qd6 16. Bc3 Nd7 1/2-1/2